Представление документа в формате MARC21

Поле Инд. ПП Название Значение
Тип записи a
Библиографический уровень m
001 Контрольный номер a94d838273c94679be1e78d46a6ecb20
005 Дата корректировки 20220505235530.0
008 Кодируемые данные 220505s1991 ru |||||||||||000|||rus|d
040 a Служба первич. каталог. ЦГБ г. В. Луки
b Код языка каталог. rus
041 0_ a Код языка текста rus
084 2 Источник индекса rubbk
a Индекс другой классификации/Индекс ББК 65.9(2)-1
090 x Авторский знак Р 18
j Имя библиотеки ЦГБ г. В. Луки
097 b Оператор КЕИ-р
100 1_ a Автор Райзберг Б. А.
245 10 a Заглавие К рынку через поиски и сомнения
c Ответственность Б. А. Райзберг
260 a Место издания Москва
b Издательство Знание
c Дата издания 1991
300 a Объем 63, [1] с.
490 00 a Заглавие серии Новое в жизни, науке, технике. Серия "Экономика"
v N тома 4
650 14 a Основная рубрика Экономика
653 1_ a Ключевые слова экономика
901 t Тип документа m